LIBRARY & INFORMATION CENTRE, KCAET, TAVANUR

ONLINE PUBLIC ACCESS CATALOGUE (OPAC)

Seventeenth Century Background; Studies in the though of the age in Relation to poetry And religion / (Record no. 3072)

MARC details
000 -LEADER
fixed length control field 00486cam a2200169ua 4500
041 ## - LANGUAGE CODE
Language code of text/sound track or separate title eng
082 ## - DEWEY DECIMAL CLASSIFICATION NUMBER
Classification number 828.09
Item number WIL/SE
100 ## - MAIN ENTRY--AUTHOR NAME
Personal name Willey, Basil .
245 ## - TITLE STATEMENT
Title Seventeenth Century Background; Studies in the though of the age in Relation to poetry And religion /
250 ## - EDITION STATEMENT
Edition statement 1 /
260 ## - PUBLICATION, DISTRIBUTION, ETC. (IMPRINT)
Place of publication London :
Name of publisher Chatto and windus ,
Year of publication 1962.
300 ## - PHYSICAL DESCRIPTION
Number of Pages 315 ; .
942 ## - ADDED ENTRY ELEMENTS (KOHA)
Koha item type Books
Holdings
Withdrawn status Lost status Damaged status Home library Current library Date acquired Full call number Accession Number Koha item type Cost, normal purchase price Public note
Withdrawn     KAUAET Malayalam University 07/04/2012 828.09 11628 Books    
Withdrawn     KAUAET Sanskrit University 07/04/2012 828.09 7001 Books 25.00 Transferred to Sanskrit University
free website counter